Teaching and learning : a problem-solving focus /

Bibliographic Details
Corporate Author: National Council of Teachers of Mathematics
Other Authors: Curcio, Frances R.
Format: Book
Language:English
Published: Reston, Va. : National Council of Teachers of Mathematics, [1987]
Subjects:

MARC

Tag First Indicator Second Indicator Subfields
LEADER 00000cam a2200000 a 4500
001 in00000016085
005 20151007052659.0
008 870424s1987 vaua b 00000 eng
010 |a  87401048  
020 |a 0873532406 (pbk.) 
035 |a (OCoLC)16224424 
035 |9 AAA8770AM 
040 |a DLC  |c DLC  |d TXA  |d UtOrBLW 
049 |a TXAM  |c [A12608073] 
050 0 0 |a QA12  |b .T43 1987 
082 0 |a 510/.7/1  |2 19 
245 0 0 |a Teaching and learning :  |b a problem-solving focus /  |c edited by Frances R. Curcio. 
264 1 |a Reston, Va. :  |b National Council of Teachers of Mathematics,  |c [1987] 
264 4 |c ©1987 
300 |a viii, 116 pages :  |b illustrations ;  |c 23 cm. 
336 |a text  |b txt  |2 rdacontent 
337 |a unmediated  |b n  |2 rdamedia 
338 |a volume  |b nc  |2 rdacarrier 
504 |a Includes bibliographies. 
650 0 |a Mathematics  |x Study and teaching. 
650 0 |a Problem solving. 
700 1 |a Curcio, Frances R. 
710 2 |a National Council of Teachers of Mathematics. 
999 |a MARS 
999 f f |s 6702d530-30a7-3325-a853-e775417dfd2e  |i baf34d26-720e-3f63-a09c-1a210f865d9c  |t 0 
952 f f |p ric  |a Texas A&M University  |b Rellis Campus  |c Joint Library Facility  |d Remote Storage  |t 0  |e QA12 .T43 1987  |h Library of Congress classification  |i unmediated -- volume  |m A14812608073 
998 f f |a QA12 .T43 1987  |t 0  |l Remote Storage